Statistiques concernant Pays d'europe de A à L.

Cliquez ici pour prendre le quiz!

Statistiques générales

  • Ce quiz a été pris 238 fois
    (201 depuis la dernière actualisation)
  • Le résultat moyen est 22 sur 24

Statistiques - réponses

Réponse% Correct
Allemagne
98%
France
98%
Espagne
97%
Albanie
96%
Belgique
96%
Lituanie
96%
Andorre
95%
Danemark
95%
Hongrie
95%
Autriche
94%
Croatie
94%
Finlande
94%
Italie
94%
Lettonie
94%
Bélarus / Bielorussie
92%
Estonie
92%
Irlande
91%
Grèce
90%
Luxembourg
90%
Islande
89%
Bulgarie
88%
Liechtenstein
88%
Bosnie-Herzégovine
86%
Kosovo
83%

Distribution des résultats

Percentile par nombre de réponses

% des personnes avec chaque résultat

Votre développement - résultats

Vous n’avez pas pris ce quiz depuis la dernière actualisation